Aventuras del profesor Challenger / (Record no. 140786)

MARC details
000 -CABECERA
campo de control de longitud fija 01074cam a22003134a 4500
003 - IDENTIFICADOR DEL NÚMERO DE CONTROL
campo de control UPN
005 - FECHA Y HORA DE LA ÚLTIMA TRANSACCIÓN
campo de control 20220528063539.0
008 - ELEMENTOS DE LONGITUD FIJA--INFORMACIÓN GENERAL
campo de control de longitud fija 090203s2006 es r 000 j spa d
020 ## - NÚMERO INTERNACIONAL NORMALIZADO PARA LIBROS
Número Internacional Estándar del Libro 8477025592
035 ## - NÚMERO DE CONTROL DEL SISTEMA
Número de control de sistema UPN01000168680
040 ## - FUENTE DE LA CATALOGACIÓN
Centro catalogador/agencia de origen UPN
Lengua de catalogación spa
Centro/agencia transcriptor UPN
049 ## - COLECCIÓN
Colección CG
050 #4 - SIGNATURA TOPOGRÁFICA DE LA BIBLIOTECA DEL CONGRESO
Número de clasificación PR4621
Número de documento/Ítem A9.4
100 1# - ASIENTO PRINCIPAL--NOMBRE PERSONAL
Nombre de persona Doyle, Arthur Conan,
Títulos y otros términos asociados al nombre Sir,
Fechas asociadas al nombre 1859-1930
9 (RLIN) 30305
245 10 - MENCIÓN DE TÍTULO
Título Aventuras del profesor Challenger /
Mención de responsabilidad, etc. Arthur Conan Doyle ; tr. Amando Lázaro Ros.
260 ## - PUBLICACIÓN, DISTRIBUCIÓN, ETC.
Lugar de publicación, distribución, etc. Madrid :
Nombre del editor, distribuidor, etc. Valdemar,
Fecha de publicación, distribución, etc. 2006.
300 ## - DESCRIPCIÓN FÍSICA
Extensión 568 p.
490 ## - MENCIÓN DE SERIE
Mención de serie Gran Diógenes ;
Designación de volumen o secuencia 9
501 ## - NOTA DE "CON"
Nota de “Con” Con: El mundo perdido -- La zona ponzoñosa -- Cuando la Tierra lanzó alaridos -- La máquina desintegradora -- El abismo de Maracot
600 10 - ASIENTO SECUNDARIO DE MATERIA - NOMBRE PERSONAL
9 (RLIN) 43360
Nombre de persona Challenger, George Edward
Títulos y otros términos asociados al nombre (Personaje ficticio) -
Subdivisión de forma Novela
650 #0 - ASIENTO SECUNDARIO DE MATERIA - TERMINO TEMATICO
Término de materia o nombre geográfico como elemento de entrada Historias de aventuras
9 (RLIN) 4131
740 3# - ASIENTO SECUNDARIO - TÍTULOS RELACIONADOS /ANALITICOS NO CONTROLADOS
Título relacionado o analítico no controlado El mundo perdido
740 3# - ASIENTO SECUNDARIO - TÍTULOS RELACIONADOS /ANALITICOS NO CONTROLADOS
Título relacionado o analítico no controlado La zona ponzoñosa
740 0# - ASIENTO SECUNDARIO - TÍTULOS RELACIONADOS /ANALITICOS NO CONTROLADOS
Título relacionado o analítico no controlado Cuando la tierra lanzó alaridos
740 3# - ASIENTO SECUNDARIO - TÍTULOS RELACIONADOS /ANALITICOS NO CONTROLADOS
Título relacionado o analítico no controlado La máquina desintegradora
740 3# - ASIENTO SECUNDARIO - TÍTULOS RELACIONADOS /ANALITICOS NO CONTROLADOS
Título relacionado o analítico no controlado El abismo de Maracot
905 ## - TIPO DE MATERIAL
Tipo de material Libro
942 ## - ELEMENTOS DE PUNTO DE ACCESO ADICIONAL (KOHA)
Fuente del sistema de clasificación o colocación Library of Congress Classification
Tipo de ítem Koha Libro
Holdings
Estado de retiro Estado de pérdida Fuente del sistema de clasificación o colocación Estado dañado No para préstamo Código de colección Localización permanente Ubicación/localización actual Ubicación en estantería Fecha de adquisición Total de préstamos Renovaciones totales Clasificación Código de barras En préstamo Fecha visto por última vez Fecha del último préstamo Tipo de ítem Koha
    Library of Congress Classification     Colección General Bib. Gregorio Torres Quintero Bib. Gregorio Torres Quintero Planta baja 29/08/2023 3 1 PR4621 A9.4 AP162 16/04/2024 19/03/2024 19/03/2024 Libro